000 00437nam a22001097a 4500
008 160321b xxu||||| |||| 00| 0 eng d
100 _aBarefoot, John
245 _aScandinavia revenues
260 _aYork, England
_bJ. Barefoot Ltd
_c1988
650 _aScandinavia | Revenues | Denmark | Finland | Norway Iceland | Sweden | Danish West Indies | Faroe Islands | Greenland Catalogs and Price Lists | Cinderella Material
700 _aHall, Andrew
999 _c1862
_d1862